Applications of noncovariant gauges in the algebraic renormalization procedure
The aim of this work is to apply the algebraic renormalization procedure to gauge field models quantized in non-standard gauges. The main ingredient of the algebraic renormalization program is the quantum action principle, which allows one to control in a unique manner the breaking of a symmetry ind...
Đã lưu trong:
| Định dạng: | Sách |
|---|---|
| Ngôn ngữ: | Undetermined |
| Được phát hành: |
Singapore
World Scientific
1998
|
| Những chủ đề: | |
| Các nhãn: |
Thêm thẻ
Không có thẻ, Là người đầu tiên thẻ bản ghi này!
|
| Thư viện lưu trữ: | Trung tâm Học liệu Trường Đại học Cần Thơ |
|---|
| LEADER | 01164nam a2200193Ia 4500 | ||
|---|---|---|---|
| 001 | CTU_210624 | ||
| 008 | 210402s9999 xx 000 0 und d | ||
| 020 | |c 19.26 | ||
| 082 | |a 530.143 | ||
| 082 | |b A648 | ||
| 245 | 0 | |a Applications of noncovariant gauges in the algebraic renormalization procedure | |
| 245 | 0 | |c A. Boresch ... [et al.] | |
| 260 | |a Singapore | ||
| 260 | |b World Scientific | ||
| 260 | |c 1998 | ||
| 520 | |a The aim of this work is to apply the algebraic renormalization procedure to gauge field models quantized in non-standard gauges. The main ingredient of the algebraic renormalization program is the quantum action principle, which allows one to control in a unique manner the breaking of a symmetry induced by a noninvariant subtraction scheme. In particular, the volume studies the following gauge field models: QED, Yang-Mills theories and topological models (the Chern-Simons and the BF model) in the context of axial-like gauges. | ||
| 650 | |a Gauge fields (Physics),Chuẩn hoá (vật lý),Đo lường (vật lý),Renormalization (Physics) | ||
| 904 | |i Qhieu | ||
| 980 | |a Trung tâm Học liệu Trường Đại học Cần Thơ | ||